000 00914nac a22002537a 4500
001 BR8705859
003 BR-BrBNA
005 20240105120553.0
008 230509b bl.|||m| |||| 00| 0 por d
040 _aBR-BrBNA
_bpor
_cBiblioteca Nacional de Agricultura
072 _aF30
090 _a2121 BR8705859
100 1 _aMelo, G.W.B. de
110 1 _aUnidade de Execucao de Pesquisa de Ambito Territorial de Boa Vista, RR (Brasil)
_910391
245 1 _aComportamento de clones de guarana (Paullinia cupana H.B.K. var. sorbilis)em Roraima
260 3 _aBoa Vista, RR (Brasil):
_c1985.
300 _a2 p.
490 _aPesquisa em Andamento - Unidade de Execucao de Pesquisa de Ambito Territorial de Boa Vista (Brazil)
_vno. 9
_xISSN 0101-8639
650 _aGUARANA
650 _aCOMPORTAMENTO DE VARIEDADE
650 _aRORAIMA
909 _a202312
_bLúcia Elande
_c55
_dLúcia Elande
942 _2AGRIS
_n0
_cMS
999 _c280221
_d280221